LEADER 01203nam a2200265 i 4500 001 000000138049 003 CaOOAMICUS 005 20250909164620.0 008 180511s2014 it u000 u ita u 013 $a111944 020 $a978-88-15-25320-0 040 $aSeMil$bita 100 1 $aFondazione Leone Moressa.$0(OLS)http://semarc/name/89898 245 10$aRapporto annuale sull'economia dell'immigrazione :$bEdizione 2014 : la forza lavoro degli stranieri: esclusione o integrazione? /$cFondazione Leone Moressa. 260 $aBologna :$bIl Mulino,$c2014. 300 $a211 p. ;$c22 cm. 650 4$aImmigrazione - Italia - Rapporti informativi.$0(OLS)http://semarc/subject/53933 850 $aSeMil 852 $aSeMil$W1$xVenegono$y1$m3M II 361$j261634$B91560$CSeMilBibl$Z2$F96493 $81 941 1 $a6 961 $aOmaggio: Scola Card. Angelo 996 $6020$a978-88-15-25320-0$9(OLS)http://semarc/number/273986 996 $6245$aRapporto annuale sull'economia dell'immigrazione :$bEdizione 2014 : la forza lavoro degli stranieri: esclusione o integrazione?$9(OLS)http://semarc/title/408514 996 $6260$aBologna :$bIl Mulino$9(OLS)http://semarc/publisher/29842 LEADER 01124nam a2200253 i 4500 001 000000208424 003 CaOOAMICUS 005 20111121000000.0 008 111121s1925 it u000 u ita u 013 $a187209 040 $aSeMil$bita 245 13$aLa vita italiana durante la Rivoluzione francese e l'Impero :$bconferenze tenute a Firenze nel 1896 /$cda Cesare Lombroso ... [et al.]. 250 $a9. migliaio. 260 $aMilano :$bFratelli Treves,$c1925. 300 $a540 p. ;$c19 cm. 490 0 $aLa vita italiana 650 4$aItalia - Vita sociale - 1789-1815.$0(OLS)http://semarc/subject/39159 700 1 $aLombroso, Cesare ,$d<1835-1909>.$0(OLS)http://semarc/name/34335 830 3$aLa vita italiana.$0(OLS)http://semarc/title/34780 850 $aSeMil 852 $aSeMil$W1$xVenegono$y1$m1U V 15 FA$j158878$B158878$CSeMilBibl$Z2$F169983 $8I 961 $aRecupero: Altro 996 $6245$aLa vita italiana durante la Rivoluzione francese e l'Impero :$bconferenze tenute a Firenze nel 1896$9(OLS)http://semarc/title/301398 996 $6260$aMilano :$bFratelli Treves$9(OLS)http://semarc/publisher/30212